000 00406nam a2200133Ia 4500
008 220204s9999 xx 000 0 und d
082 _a582.28
_bSUT
100 _aSUTTON, B C
245 0 _aCoelomycetes. V 1. Nomenclature of generic names proposed for coelomycetes.
260 _aKew
_bCommonwealth Mycological Institute
_c1977
490 _aMycological Papers; 141
650 _aCoelomycetes
942 _cBK
999 _c36716
_d36716